Normal view
MARC view
- LAGRANGIAN FUNCTIONS
Entry Topical Term
001 - CONTROL NUMBER
- control field: 199
003 - CONTROL NUMBER IDENTIFIER
- control field: CBULib
005 - DATE AND TIME OF LATEST TRANSACTION
- control field: 20230721145352.0
008 - FIXED-LENGTH DATA ELEMENTS
- fixed length control field: 230721|| aca||babn | a|a d
040 ## - CATALOGING SOURCE
- Original cataloging agency: CBULib
150 ## - HEADING--TOPICAL TERM
- Topical term or geographic name entry element: LAGRANGIAN FUNCTIONS